Hazbin Hotel-Hear My Hope (Lute + Abel's Part) - Statistics

General Stats
  • This quiz has been taken 80 times
  • The average score is 123 of 190
Answer Stats
Hint Answer % Correct
I
96%
and
94%
are
94%
doing
94%
finish
94%
here?
94%
here
94%
Lute: I'm
94%
started!
94%
to
94%
Vaggie: What
94%
what
94%
you
94%
Emily
92%
Abel: Let's
92%
get
90%
go
90%
Charlie: No!
90%
Abel: Can't
83%
blurry
81%
eye
81%
gettin'
81%
How
81%
Lute: I'll
81%
other
81%
take
81%
your
81%
be
79%
can
79%
cold
79%
hearted?
79%
now
79%
so
79%
Vision's
79%
you
79%
Charlie: Abel...
77%
breathe,
77%
Vaggie: Just
77%
Abel: Lute,
77%
try...
77%
this
75%
about
73%
isn't
73%
Nosebleed,
73%
talked
73%
we
73%
what
73%
Emily: Abel,
71%
Emily: Abel,
71%
how
69%
please!
69%
please!
69%
am
67%
bad
67%
better
67%
dad,
67%
Dear
67%
done
67%
I
67%
I
67%
if
67%
I'm
67%
It
67%
me
67%
not
67%
Vaggie: Or
67%
son
67%
supposed
67%
tell
67%
that
67%
to
67%
what?
67%
what
67%
would've
67%
you
67%
your
67%
anybody
65%
been
65%
braver
65%
else
65%
handle
65%
the
65%
Too
65%
were
65%
woulda
65%
be
63%
do
63%
don't
63%
I
63%
I
63%
if
63%
it!
63%
never
63%
pressure
63%
so
63%
so
63%
this
63%
we
63%
Am
60%
am
60%
been
60%
do
60%
Don't
60%
I
60%
I,
60%
I
60%
I
60%
Let
60%
me
60%
my
60%
right
60%
something?
60%
stop
60%
supposed
60%
there
60%
to
60%
wish
60%
worried,
60%
you
60%
anybody
58%
be
58%
Can
58%
could
58%
do
58%
Do
58%
Do
58%
else
58%
grant
58%
I
58%
I
58%
own
58%
something!
58%
that
58%
to
58%
a
56%
attack
56%
back!
56%
be
56%
better
56%
Bitch,
56%
cause
56%
dare?
56%
Vaggie: Everybody
56%
fall
56%
for
56%
I'm
56%
lead
56%
no
56%
prayer?
56%
supposed
56%
There's
56%
to
56%
a
54%
Lute: And
54%
dies
54%
grow
54%
have
54%
run?
54%
Lute: Shut
54%
Why'd
54%
you
54%
aside
52%
blood
52%
cast
52%
Get
52%
grip,
52%
lust
52%
pair
52%
picked
52%
pride
52%
resist
52%
Swallow
52%
to
52%
your
52%
your
52%
abomination!
50%
mouth,
50%
your
50%
don't
46%
Lute: Enough!!
46%
have
46%
Charlie: We
46%
for
44%
this
44%
time
44%
Vaggie: Abel,
42%
can
33%
stop
33%
this!
33%
you
33%
No matching quizzes found
Score Distribution
Percent of People with Each Score
Percentile by Number Answered
Your Score History
You have not taken this quiz